00452nam a2200193Ia 4500003000400000005001700004008004100021020000600062040000700068041000800075082002000083100002300103245002700126260004400153300001300197365001300210650002300223650001200246OSt20230415094108.0210423s2011 xx 000 0 und d a- cAL aeng a030.02 MATM223 aMATHEW (Mammen),Ed aManorama yearbook 2011 aKottayambMalayala Manorama Pressc2011 a1038bPB b160cINR aEncyclopedic Works aGeneral